000 00684nam a2200193 a 4500
003 0
005 20250328111415.0
008 071126s19uu xx 00 eng d
050 _aPHS SB 191.R5
_b.R63 2007
100 _aRoces, Alex P.
245 _aThe effect of charcoal on the growth rate of rice (Oryza sativa) /
_cAlex P. Roces.
260 _aLas PiƱas City, Philippines :
_bSouthville International School and Colleges,
_c2007.
300 _a23 pages :
_bcolored illustrations ;
_c28 cm.
504 _aIncludes bibliographical references.
650 _aCharcoal
_xAgricultural applications.
650 _aRice
_xGrowth.
650 _aRice
_xSoil amendments.
942 _2lcc
_cPASS
999 _c97877
_d97877